000 00856nam a2200229Ii 4500
003 JO-AjNU
008 230605s9999||||xx |||||||||||||| ||und||
017 _a2012/12/4646
020 _a978-9957-94-018-8
040 _aJO-AjNU
_bara
_erda
_cJO-AjNU
041 _aara
050 1 4 _aPT8950 2012
100 3 _aابو الشعر، عقيل؛ ترجمة وتحقيق وائل غصاب الربضي؛ قراءة وتقديم هند أبو الشعر,
_eauthor
_948810
245 0 0 _aالانتقام: رواية عن يوميات مهاجر فرنسي الى الدومنيكان
250 _aط1
264 3 1 _aعمان: وزارة الثقافة، 2012
300 _a338ص
336 _atext
_btxt
_2rdacontent
337 _aunmediated
_bn
_2rdamedia
338 _avolume
_bnc
_2rdacarrier
650 4 _aالقصة العربية - الترجمة
_948811
999 _aA21400
_c24968
_d24968